Aristocats - Thomas O'Malley Lyrics - Statistics

General Stats
  • This quiz has been taken 131 times
  • The average score is 122 of 196
Answer Stats
Answer % Correct
a
96%
cat
91%
O'Malley
88%
the
88%
The
88%
Thomas
88%
all
87%
I
87%
alley
82%
Abraham
73%
I'm
73%
like
69%
Like
69%
that
69%
That
69%
to
69%
my
68%
of
68%
big
65%
me
64%
with
64%
got
62%
world
61%
and
60%
is
60%
So
60%
Casey
58%
DeLacy
58%
fish
58%
highway
58%
king
58%
you
58%
that's
57%
That's
57%
way
57%
yeah
57%
Yeah
57%
home
56%
if
56%
I've
56%
make
56%
road
56%
backyard
55%
healthy
55%
no
55%
what
55%
you're
55%
Giuseppe
53%
going
53%
have
53%
life
53%
take
53%
backbone
52%
dust
52%
grass
52%
green
52%
meet
52%
Prince
52%
up
52%
walk
52%
boulevard
51%
cute
51%
don't
51%
Duke
51%
Feel
51%
fingers
51%
for
51%
happen
51%
in
51%
kick
51%
old
51%
Or
51%
or
51%
social
51%
some
51%
friends
49%
Gotta
49%
off
49%
only
49%
Paris
49%
proud
49%
right
49%
this
49%
curled
48%
elite
48%
mistake
48%
myself
48%
scene
48%
think
48%
wanderlust
48%
But
47%
cup
47%
Rome
47%
them
47%
very
47%
at
45%
city
45%
It's
45%
sip
45%
streets
45%
Telling
45%
wanna
44%
worry
44%
avant
43%
Showing
43%
Whatever
43%
garde
42%
strut
42%
they
42%
Calcutta
40%
seek
40%
Magnifique
39%
Home-sweet-home
34%
eclat
31%
cheech-a-cheech-chee-roni
18%
No matching quizzes found
Score Distribution
Percent of People with Each Score
Percentile by Number Answered
Your Score History
You have not taken this quiz